Statistics for Castles and Palaces of the World

Click here to take the quiz!

General Stats

  • This quiz has been taken 88 times
  • The average score is 12 of 21

Answer Stats

Hint Country % Correct
Château de ChambordFrance
99%
Windsor CastleUK
99%
NeuschwansteinGermany
97%
Forbidden CityChina
97%
Winter PalaceRussia
85%
Blarney CastleIreland
85%
Himeji CastleJapan
72%
Hohenwerfen CastleAustria
69%
Château de NoisyBelgium
60%
Buda CastleHungary
58%
Kronborg CastleDenmark
58%
Apostolic PalaceVatican City
49%
Château de ChillonSwitzerland
40%
Topkapı PalaceTurkey
38%
Bran CastleRomania
38%
Mehrangarh FortIndia
36%
Spiš CastleSlovakia
32%
Pena PalacePortugal
27%
Malbork CastlePoland
24%
Krak des ChevaliersSyria
24%
Arg-é BamIran
12%

Score Distribution

Percentile by Number Answered

Percent of People with Each Score

Your Score History

You have not taken this quiz